| 000 | 01700 a2200505 4500 | ||
|---|---|---|---|
| 264 |
_aAnkara : _bTOBB ETÜ Fen Bilimleri Enstitüsü, _c2013. |
||
| 999 |
_c200158728 _d38257 |
||
| 001 | 200158728 | ||
| 003 | TR-AnTOB | ||
| 005 | 20260210134041.0 | ||
| 008 | 140127s2013 tu 000 0 | ||
| 040 |
_aTR-AnTOB _cTR-AnTOB |
||
| 041 | 0 | _atur | |
| 099 | _aTEZ TOBB FBE BİL Ph.D’13 ÇOT | ||
| 100 | 1 |
_aÇotuk, Hüseyin _941838 |
|
| 245 | 1 | 0 |
_aKablosuz algılayıcı ağlarda ağ yaşam süresinin matematiksel programlama ile incelenmesi / _cHüseyin Çotuk. |
| 300 |
_axxi, 143 sayfa ; _c29 cm. |
||
| 502 | _aTez (Doktora)--TOBB ETÜ Fen Bilimleri Enstitüsü Aralık 2013 | ||
| 504 | _aIncludes bibliographical references. | ||
| 650 | 0 | 0 |
_932546 _aTezler, Akademik |
| 650 | 0 | 0 |
_aDissertations, Academic _932543 |
| 653 | _aDiscrete power levels. | ||
| 653 | _aTransmission power control. | ||
| 653 | _aİnterference. | ||
| 653 | _aBandwidth. | ||
| 653 | _aWireless sensor networks. | ||
| 653 | _aAğ yaşam süresi. | ||
| 653 | _aEnerji verimliliği. | ||
| 653 | _aMatematiksel programlama. | ||
| 653 | _aOptimizasyon. | ||
| 653 | _aGüç atama stratejileri. | ||
| 653 | _aAyrık güç seviyeleri. | ||
| 653 | _aİletim gücü kontrolü. | ||
| 653 | _aGirişim. | ||
| 653 | _aBant genişliği. | ||
| 653 | _aKablosuz algılayıcı ağlar. | ||
| 653 | _aNetwork lifetime. | ||
| 653 | _aEnergy efficiency. | ||
| 653 | _aMathematical programming. | ||
| 653 | _aOptimization. | ||
| 653 | _aPower assignment strategies. | ||
| 710 | 2 |
_aTOBB Ekonomi ve Teknoloji Üniversitesi. _bFen Bilimleri Enstitüsü _977078 |
|
| 856 | _ahttps://tez.yok.gov.tr/ | ||
| 942 |
_cTEZ _2z |
||